DTM Fahrer 2005 - Statistiken

Allgemein
  • Dieses Quiz wurde 4 mal gespielt
  • Das Durchschnittsergebnis liegt bei 11 aus 20
Antwortstatistiken
Team Nummer Marke Nation Fahrer % Korrekt
Audi Sport Team Abt Sportsline 1 Audi Schweden Mattias Ekström
100%
Audi Sport Team Joest Racing 14 Audi Deutschland Christian Abt
75%
DaimlerChrysler Bank AMG-Mercedes 3 Mercedes Großbritannien Gary Paffett
75%
Stern Team OPC 10 Opel Deutschland Heinz-Harald Frentzen
75%
AMG-Mercedes 4 Mercedes Frankreich Jean Alesi
75%
Team OPC 11 Opel Frankreich Laurent Aiello
75%
Team OPC 12 Opel Deutschland Manuel Reuter
75%
Sport Edition AMG-Mercedes 8 Mercedes Finnland Mika Häkkinen
75%
Audi Sport Team Abt 5 Audi Dänemark Tom Kristensen
75%
Vodafone AMG-Mercedes 7 Mercedes Deutschland Bernd Schneider
50%
Junge Gebrauchte von Mercedes AMG-Mercedes 20 Mercedes Kanada Bruno Spengler
50%
GMAC Team OPC 9 Opel Schweiz Marcel Fässler
50%
Audi Sport Team Abt Sportsline 2 Audi Deutschland Martin Tomczyk
50%
Audi Sport Team Abt 6 Audi Großbritannien Allan McNish
25%
Audi Sport Team Joest 19 Audi Deutschland Frank Stippler
25%
Salgitter AMG-Mercedes 21 Mercedes Großbritannien Jamie Green
25%
Audi Sport Team Joest Racing 15 Audi Deutschland Pierre Kaffer
25%
Audi Sport Team Joest 18 Audi Italien Rinaldo Capello
25%
Mücke Motorsport 16 Mercedes Deutschland Stefan Mücke
25%
Mücke Motorsport 17 Mercedes Griechenland Alexandros Margaritis
0%
Keine übereinstimmenden Quizze gefunden
Verteilung der Resultate
Anzahl Personen mit jedem Resultat
Perzentil nach korrekt beantworteten Fragen
Ihre Resultats-Entwicklung
Sie haben dieses Quiz noch nicht gespielt